000
00263nam a2200109Ia 4500
008
220204s9999 xx 000 0 und d
082
_a
82-34
_b
NOR
100
_a
Strindberg, Gert
245
0
_a
Norwegian fairy tales
260
_a
Bombay
_b
Somaiya
_c
1969
942
_c
BK
999
_c
31130
_d
31130